000
00289nam a2200121Ia 4500
008
240624s9999 xx 000 0 und d
041
_a
eng
082
_a
332.64 NAR
100
_a
#N/A
245
_a
INSIDE THE BLACK BOX A SIMPLE GUIDE TO Q
260
_c
2013
_a
Hoboken
_b
Wiley
365
_c
RS
999
_c
28647
_d
28647